LL.B.2 TERM PROPERTY LAW CASES SELECTED (Record no. 10384)

MARC details
000 -LEADER
fixed length control field 00311nam a22001337a 4500
003 - CONTROL NUMBER IDENTIFIER
control field SGT
082 ## - DEWEY DECIMAL CLASSIFICATION NUMBER
Classification number 343.02,KHA
100 ## - MAIN ENTRY--PERSONAL NAME
Personal name KHANNA,RAJIV
245 ## - TITLE STATEMENT
Title LL.B.2 TERM PROPERTY LAW CASES SELECTED
260 ## - PUBLICATION, DISTRIBUTION, ETC. (IMPRINT)
Place of publication, distribution, etc NEW DELHI
Name of publisher, distributor, etc UNIVERSITY DELHI
Year of Publication 2012
300 ## - PAGE DESCRIPTION
No. of Pages 245
650 ## - SUBJECT ADDED ENTRY--TOPICAL TERM
Topical term or geographic name as entry element CASES SELECTED
942 ## - ADDED ENTRY ELEMENTS (KOHA)
Source of classification or shelving scheme Dewey Decimal Classification
Koha item type Books
Holdings
Withdrawn status Lost status Source of classification or shelving scheme Damaged status Not for loan Collection code Home library Current library Shelving location Date acquired Vendor Name Cost, normal purchase price SGTU Full call number Accession No. (Barcode) Date last seen Bill Date Koha item type
    Dewey Decimal Classification   Not For Loan LAW SGT Science & Social Sciences Library SGT Science & Social Sciences Library Reference Book 09/01/2017 DONATE 40.00 SGTU 343.02,KHA FL878 09/01/2017 09/01/2017 Books